<?xml version="1.0" encoding="UTF-8"?>
<record
    xmlns:xsi="http://www.w3.org/2001/XMLSchema-instance"
    xsi:schemaLocation="http://www.loc.gov/MARC21/slim http://www.loc.gov/standards/marcxml/schema/MARC21slim.xsd"
    xmlns="http://www.loc.gov/MARC21/slim">

  <leader>02599nam0a22003971  4500</leader>
  <controlfield tag="001">RU\NLR\A1SV\43077</controlfield>
  <controlfield tag="005">20251203171251.9</controlfield>
  <datafield tag="035" ind1=" " ind2=" ">
    <subfield code="a">(NLR Aleph) 009725276</subfield>
  </datafield>
  <datafield tag="090" ind1=" " ind2=" ">
    <subfield code="a">9888373</subfield>
    <subfield code="c">9888373</subfield>
  </datafield>
  <datafield tag="100" ind1=" " ind2=" ">
    <subfield code="a">20020710d1926    u  y0rusy50      ca</subfield>
  </datafield>
  <datafield tag="101" ind1="0" ind2=" ">
    <subfield code="a">rus</subfield>
    <subfield code="d">ger</subfield>
  </datafield>
  <datafield tag="102" ind1=" " ind2=" ">
    <subfield code="a">RU</subfield>
  </datafield>
  <datafield tag="200" ind1="1" ind2=" ">
    <subfield code="a">&#x41A; &#x431;&#x438;&#x43E;&#x43B;&#x43E;&#x433;&#x438;&#x438; &#x43C;&#x43E;&#x43B;&#x43B;&#x44E;&#x441;&#x43A;&#x43E;&#x432; &#x43F;&#x435;&#x440;&#x435;&#x441;&#x44B;&#x445;&#x430;&#x44E;&#x449;&#x438;&#x445; &#x432;&#x43E;&#x434;&#x43E;&#x435;&#x43C;&#x43E;&#x432;</subfield>
    <subfield code="e">(&#x41F;&#x440;&#x435;&#x434;&#x432;&#x430;&#x440;. &#x441;&#x43E;&#x43E;&#x431;&#x449;&#x435;&#x43D;&#x438;&#x435;) [&#x438; &#x434;&#x440;. &#x441;&#x442;.]</subfield>
    <subfield code="f">&#x412;.&#x418;.&#x416;&#x430;&#x434;&#x438;&#x43D; (&#x41C;&#x443;&#x440;&#x43E;&#x43C;)</subfield>
    <subfield code="g">(&#x418;&#x437; &#x41E;&#x43A;&#x441;&#x43A;. &#x431;&#x438;&#x43E;&#x43B;. &#x441;&#x442;.)</subfield>
  </datafield>
  <datafield tag="210" ind1=" " ind2=" ">
    <subfield code="a">[&#x421;&#x430;&#x440;&#x430;&#x442;&#x43E;&#x432;]</subfield>
    <subfield code="c">&#x421;&#x430;&#x440;&#x43F;&#x43E;&#x43B;&#x438;&#x433;&#x440;&#x430;&#x444;&#x43F;&#x440;&#x43E;&#x43C; &#x442;&#x438;&#x43F;&#x43E;&#x43B;&#x438;&#x442;. &#x2116; 9</subfield>
    <subfield code="d">[1926]</subfield>
  </datafield>
  <datafield tag="215" ind1=" " ind2=" ">
    <subfield code="a">30 &#x441;.</subfield>
    <subfield code="c">&#x438;&#x43B;., &#x442;&#x430;&#x431;&#x43B;.</subfield>
    <subfield code="d">26 &#x441;&#x43C;</subfield>
  </datafield>
  <datafield tag="300" ind1=" " ind2=" ">
    <subfield code="a">&#x411;&#x435;&#x437; &#x442;&#x438;&#x442;. &#x43B;.</subfield>
  </datafield>
  <datafield tag="300" ind1=" " ind2=" ">
    <subfield code="a">&#x420;&#x435;&#x437;. &#x43A;&#x430;&#x436;&#x434;&#x43E;&#x439; &#x441;&#x442;. &#x43D;&#x430; &#x43D;&#x435;&#x43C;. &#x44F;&#x437;.</subfield>
  </datafield>
  <datafield tag="311" ind1=" " ind2=" ">
    <subfield code="a">&#x41E;&#x442;&#x442;. &#x438;&#x437;: &#x420;&#x443;&#x441;. &#x433;&#x438;&#x434;&#x440;&#x43E;&#x431;&#x438;&#x43E;&#x43B;. &#x436;&#x443;&#x440;&#x43D;&#x430;&#x43B;. 1926. &#x422;.5, &#x2116; 1/2</subfield>
  </datafield>
  <datafield tag="327" ind1="1" ind2=" ">
    <subfield code="a">&#x41A; &#x431;&#x438;&#x43E;&#x43B;&#x43E;&#x433;&#x438;&#x438; &#x43C;&#x43E;&#x43B;&#x43B;&#x44E;&#x441;&#x43A;&#x43E;&#x432; &#x43F;&#x435;&#x440;&#x435;&#x441;&#x44B;&#x445;&#x430;&#x44E;&#x449;&#x438;&#x445; &#x432;&#x43E;&#x434;&#x43E;&#x435;&#x43C;&#x43E;&#x432; / &#x412;.&#x418;.&#x416;&#x430;&#x434;&#x438;&#x43D;</subfield>
    <subfield code="a">&#x41A; &#x44D;&#x43A;&#x43E;&#x43B;&#x43E;&#x433;&#x438;&#x438; &#x438; &#x433;&#x435;&#x43E;&#x433;&#x440;&#x430;&#x444;&#x438;&#x447;&#x435;&#x441;&#x43A;&#x43E;&#x43C;&#x443; &#x440;&#x430;&#x441;&#x43F;&#x440;&#x43E;&#x441;&#x442;&#x440;&#x430;&#x43D;&#x435;&#x43D;&#x438;&#x44E; Balanoglossus &#x432; &#x440;&#x443;&#x441;&#x441;&#x43A;&#x438;&#x445; &#x441;&#x435;&#x432;&#x435;&#x440;&#x43D;&#x44B;&#x445; &#x43C;&#x43E;&#x440;&#x44F;&#x445; / &#x415;.&#x424;.&#x413;&#x443;&#x440;&#x44C;&#x44F;&#x43D;&#x43E;&#x432;&#x430;, &#x41F;.&#x412;.&#x423;&#x448;&#x430;&#x43A;&#x43E;&#x432; (&#x41B;&#x435;&#x43D;&#x438;&#x43D;&#x433;&#x440;&#x430;&#x434;)</subfield>
    <subfield code="a">&#x41D;&#x435;&#x43A;&#x43E;&#x442;&#x43E;&#x440;&#x44B;&#x435; &#x434;&#x430;&#x43D;&#x43D;&#x44B;&#x435; &#x43A; &#x431;&#x438;&#x43E;&#x43B;&#x43E;&#x433;&#x438;&#x438; &#x438; &#x43E;&#x445;&#x440;&#x430;&#x43D;&#x435; &#x432;&#x44B;&#x445;&#x443;&#x445;&#x43E;&#x43B;&#x438; / &#x410;.&#x410;.&#x41F;&#x430;&#x440;&#x430;&#x43C;&#x43E;&#x43D;&#x43E;&#x432; (&#x41C;&#x43E;&#x441;&#x43A;&#x432;&#x430;)</subfield>
    <subfield code="a">&#x41E; &#x43D;&#x435;&#x43A;&#x43E;&#x442;&#x43E;&#x440;&#x44B;&#x445; &#x43D;&#x43E;&#x432;&#x44B;&#x445; &#x432;&#x438;&#x434;&#x430;&#x445; Trachelomonas Ehrenberg &#x438;&#x437; &#x441;&#x435;&#x43C;. Euglenaceae, &#x43E;&#x43F;&#x438;&#x441;&#x430;&#x43D;&#x43D;&#x44B;&#x445; &#x438;&#x437; &#x411;&#x435;&#x43B;&#x44C;&#x433;&#x438;&#x438; &#x438; &#x424;&#x440;&#x430;&#x43D;&#x446;&#x438;&#x438; / &#x411;.&#x412;.&#x421;&#x43A;&#x432;&#x43E;&#x440;&#x446;&#x43E;&#x432; (&#x425;&#x430;&#x440;&#x431;&#x438;&#x43D;, &#x41A;&#x438;&#x442;&#x430;&#x439;)</subfield>
    <subfield code="a">&#x41E; &#x441;&#x43E;&#x441;&#x442;&#x430;&#x432;&#x435; &#x43F;&#x438;&#x449;&#x438; &#x441;&#x435;&#x440;&#x43E;&#x439; &#x43B;&#x44F;&#x433;&#x443;&#x448;&#x43A;&#x438; Rana temporaria L. / &#x411;.&#x410;.&#x41A;&#x443;&#x437;&#x43D;&#x435;&#x446;&#x43E;&#x432; (&#x41C;&#x43E;&#x441;&#x43A;&#x432;&#x430;)</subfield>
    <subfield code="a">&#x41C;&#x435;&#x43B;&#x43A;&#x438;&#x435; &#x438;&#x437;&#x432;&#x435;&#x441;&#x442;&#x438;&#x44F;: &#x41D;&#x43E;&#x432;&#x44B;&#x435; &#x43F;&#x440;&#x438;&#x431;&#x43E;&#x440;&#x44B; &#x434;&#x43B;&#x44F; &#x433;&#x438;&#x434;&#x440;&#x43E;&#x431;&#x438;&#x43E;&#x43B;&#x43E;&#x433;&#x438;&#x447;&#x435;&#x441;&#x43A;&#x438;&#x445; &#x438;&#x441;&#x441;&#x43B;&#x435;&#x434;&#x43E;&#x432;&#x430;&#x43D;&#x438;&#x439;</subfield>
    <subfield code="a">&#x41E; &#x43C;&#x435;&#x447;&#x435;&#x43D;&#x438;&#x438; &#x441;&#x442;&#x435;&#x440;&#x43B;&#x44F;&#x434;&#x438; &#x43D;&#x430; &#x412;&#x43E;&#x43B;&#x433;&#x435;</subfield>
  </datafield>
  <datafield tag="620" ind1=" " ind2=" ">
    <subfield code="d">&#x421;&#x430;&#x440;&#x430;&#x442;&#x43E;&#x432;</subfield>
  </datafield>
  <datafield tag="700" ind1=" " ind2="1">
    <subfield code="a">&#x416;&#x430;&#x434;&#x438;&#x43D;</subfield>
    <subfield code="b">&#x412;.&#x418;.</subfield>
    <subfield code="f">1896-1974</subfield>
    <subfield code="g">&#x412;&#x43B;&#x430;&#x434;&#x438;&#x43C;&#x438;&#x440; &#x418;&#x432;&#x430;&#x43D;&#x43E;&#x432;&#x438;&#x447;</subfield>
    <subfield code="4">070</subfield>
  </datafield>
  <datafield tag="702" ind1=" " ind2="1">
    <subfield code="a">&#x413;&#x443;&#x440;&#x44C;&#x44F;&#x43D;&#x43E;&#x432;&#x430;</subfield>
    <subfield code="b">&#x415;.&#x424;.</subfield>
    <subfield code="f">1902-1981</subfield>
    <subfield code="g">&#x415;&#x432;&#x43F;&#x440;&#x430;&#x43A;&#x441;&#x438;&#x44F; &#x424;&#x435;&#x434;&#x43E;&#x440;&#x43E;&#x432;&#x43D;&#x430;</subfield>
    <subfield code="4">070</subfield>
  </datafield>
  <datafield tag="702" ind1=" " ind2="1">
    <subfield code="a">&#x423;&#x448;&#x430;&#x43A;&#x43E;&#x432;</subfield>
    <subfield code="b">&#x41F;.&#x412;.</subfield>
    <subfield code="f">1903-1992</subfield>
    <subfield code="g">&#x41F;&#x430;&#x432;&#x435;&#x43B; &#x412;&#x43B;&#x430;&#x434;&#x438;&#x43C;&#x438;&#x440;&#x43E;&#x432;&#x438;&#x447;</subfield>
    <subfield code="4">070</subfield>
  </datafield>
  <datafield tag="702" ind1=" " ind2="1">
    <subfield code="a">&#x41F;&#x430;&#x440;&#x430;&#x43C;&#x43E;&#x43D;&#x43E;&#x432;</subfield>
    <subfield code="b">&#x410;.&#x410;.</subfield>
    <subfield code="f">1890-1970</subfield>
    <subfield code="g">&#x410;&#x43B;&#x435;&#x43A;&#x441;&#x430;&#x43D;&#x434;&#x440; &#x410;&#x43B;&#x435;&#x43A;&#x441;&#x430;&#x43D;&#x434;&#x440;&#x43E;&#x432;&#x438;&#x447;</subfield>
    <subfield code="4">070</subfield>
  </datafield>
  <datafield tag="702" ind1=" " ind2="1">
    <subfield code="a">&#x421;&#x43A;&#x432;&#x43E;&#x440;&#x446;&#x43E;&#x432;</subfield>
    <subfield code="b">&#x411;.&#x412;.</subfield>
    <subfield code="f">1896-1980</subfield>
    <subfield code="g">&#x411;&#x43E;&#x440;&#x438;&#x441; &#x412;&#x430;&#x441;&#x438;&#x43B;&#x44C;&#x435;&#x432;&#x438;&#x447;</subfield>
    <subfield code="4">070</subfield>
  </datafield>
  <datafield tag="702" ind1=" " ind2="1">
    <subfield code="a">&#x41A;&#x443;&#x437;&#x43D;&#x435;&#x446;&#x43E;&#x432;</subfield>
    <subfield code="b">&#x411;.&#x410;.</subfield>
    <subfield code="f">1906-1979</subfield>
    <subfield code="g">&#x411;&#x43E;&#x440;&#x438;&#x441; &#x410;&#x43B;&#x435;&#x43A;&#x441;&#x430;&#x43D;&#x434;&#x440;&#x43E;&#x432;&#x438;&#x447;</subfield>
    <subfield code="4">070</subfield>
  </datafield>
  <datafield tag="801" ind1=" " ind2="0">
    <subfield code="a">RU</subfield>
    <subfield code="b">NLR</subfield>
    <subfield code="c">20020710</subfield>
  </datafield>
  <datafield tag="852" ind1=" " ind2=" ">
    <subfield code="a">NLR</subfield>
    <subfield code="j">34/2013</subfield>
  </datafield>
  <datafield tag="899" ind1=" " ind2=" ">
    <subfield code="a">&#x420;&#x41A;&#x41F;</subfield>
  </datafield>
  <datafield tag="899" ind1=" " ind2=" ">
    <subfield code="a">&#x411;&#x410;&#x41D;</subfield>
  </datafield>
  <datafield tag="899" ind1=" " ind2=" ">
    <subfield code="a">&#x420;&#x413;&#x411;</subfield>
  </datafield>
  <datafield tag="899" ind1=" " ind2=" ">
    <subfield code="a">&#x421;&#x41F;&#x431;&#x413;&#x423;</subfield>
  </datafield>
  <datafield tag="942" ind1=" " ind2=" ">
    <subfield code="c">BOOK</subfield>
  </datafield>
  <datafield tag="980" ind1=" " ind2=" ">
    <subfield code="a">NB</subfield>
  </datafield>
  <datafield tag="980" ind1=" " ind2=" ">
    <subfield code="a">A1SV</subfield>
  </datafield>
</record>
